Saxony Top 20 Cities by population - Statistics

General Stats
  • This quiz has been taken 48 times
  • The average score is 14 of 20
Answer Stats
Population City % Correct
551,072 Dresden
100%
581,980 Leipzig
100%
246,855 Chemnitz
96%
56,391 Görlitz
96%
90,192 Zwickau
96%
65,148 Plauen
92%
41,496 Freiberg
88%
39,429 Bautzen
83%
28,061 Meissen
79%
30,392 Riesa
75%
25,575 Zittau
71%
38,276 Pirna
67%
33,116 Hoyerswerda
63%
39,300 Freital
58%
33,954 Radebeul
58%
24,644 Markkleeberg
42%
28,153 Grimma
38%
24,794 Delitzsch
33%
23,728 Döbeln
33%
24,066 Limbach-Oberfrohna
17%
No matching quizzes found
Score Distribution
Percent of People with Each Score
Percentile by Number Answered
Your Score History
You have not taken this quiz